Catálogo
 En Linea

Juegos centroamericanos y del caribe : (Registro nro. 38211)

Detalles MARC
000 -CABECERA
campo de control de longitud fija 00952nam a2200205 a 4500
001 - NÚMERO DE CONTROL
campo de control 000038721
005 - FECHA Y HORA DE LA ÚLTIMA TRANSACCIÓN
campo de control 20201002031340.0
008 - DATOS DE LONGITUD FIJA--INFORMACIÓN GENERAL
campo de control de longitud fija 130419s2015 dr ac 000 0 spa d
040 ## - FUENTE DE LA CATALOGACIÓN
Centro catalogador/agencia de origen DO-SdBNP
Lengua de catalogación spa
Centro/agencia transcriptor BNPHU
082 ## - NÚMERO DE LA CLASIFICACIÓN DECIMAL DEWEY
Número de clasificación xxx
Número de documento/Ítem C957j, 2015
100 1# - ENTRADA PRINCIPAL--NOMBRE DE PERSONA
Nombre de persona Cruz, Héctor J.
9 (RLIN) 45957
245 10 - MENCIÓN DE TÍTULO
Título Juegos centroamericanos y del caribe :
Resto del título actuación de República Dominicana período 1946-2014 /
Mención de responsabilidad, etc. Héctor J. Cruz ; colaboración Alex Rodríguez, Freddy Ortiz Pujols.
246 10 - FORMA VARIANTE DE TÍTULO
Título propio/Titulo breve República Dominicana en Juegos Centroamericanos y del Caribe (1946-2014)
260 ## - PUBLICACIÓN, DISTRIBUCIÓN, ETC.
Lugar de publicación, distribución, etc. Santo Domingo :
Nombre del editor, distribuidor, etc. Amigo del Hogar,
Fecha de publicación, distribución, etc. 2015.
300 ## - DESCRIPCIÓN FÍSICA
Extensión 222 p. :
Otras características físicas il., retrs. ;
Dimensiones 23 cm.
500 ## - NOTA GENERAL
Nota general Esta edición ha sido posible con el auspicio del Ministerio de Deporte y el Instituto Nacional de Educación Física (INEFI) de República Dominicana
590 ## - NOTA LOCAL (RLIN)
Nota local Inventariado, 2020 /LP
700 1# - PUNTO DE ACCESO ADICIONAL--NOMBRE DE PERSONA
Nombre de persona Rodríguez, Alex,
Término indicativo de función/relación col.
9 (RLIN) 65031
700 1# - PUNTO DE ACCESO ADICIONAL--NOMBRE DE PERSONA
Nombre de persona Ortiz Pujols, Freddy,
Término indicativo de función/relación col.
9 (RLIN) 65032
Existencias
Estado de retiro Estado de pérdida No para préstamo Código de colección Localización permanente Ubicación/localización actual Ubicación en estantería Fecha de adquisición Número de inventario Total de préstamos Signatura topográfica completa Código de barras Fecha visto por última vez Precio válido a partir de Tipo de ítem Koha Número de copia
    Excluido de préstamo Patrimonio Dominicano Patrimonio Dominicano Patrimonio Dominicano Depósito 19.04.2013 LF1   xxx C957j, 2015 38721-10 25.06.2020 25.06.2020 Libro y Folleto Colección Patrimonio Dominicano  
    Excluido de préstamo Patrimonio Dominicano Patrimonio Dominicano Patrimonio Dominicano Depósito 09.05.2018 LF1   xxx C957j, 2015 38721-20 25.06.2020 25.06.2020 Libro y Folleto Colección Patrimonio Dominicano e. 2

Con tecnología Koha